Annual provincial meeting of the Auctioneers' Institute of the United Kingdom at Ipswich (Record no. 99751)

MARC details
000 -LEADER
fixed length control field 00743cam a22001935a 4500
001 - CONTROL NUMBER
control field ##J100678
008 - FIXED-LENGTH DATA ELEMENTS--GENERAL INFORMATION
fixed length control field 000000s1905 000 0 eng u
035 ## - SYSTEM CONTROL NUMBER
System control number (Sirsi) u100678
041 0# - LANGUAGE CODE
Language code of text/sound track or separate title eng
050 04 - LIBRARY OF CONGRESS CALL NUMBER
Classification number 942.273 $2 22
110 2# - MAIN ENTRY--CORPORATE NAME
Corporate name or jurisdiction name as entry element Auctioneers' Institute of the United Kingdom
9 (RLIN) 3785
245 00 - TITLE STATEMENT
Title Annual provincial meeting of the Auctioneers' Institute of the United Kingdom at Ipswich
Remainder of title September Wednesday, Thursday and Friday, the 13th, 14th, and 15th 1905
260 ## - PUBLICATION, DISTRIBUTION, ETC.
Place of publication, distribution, etc. [S.l.]
Name of publisher, distributor, etc. [s.n.]
Date of publication, distribution, etc. 1905
300 ## - PHYSICAL DESCRIPTION
Extent 15p.
Other physical details ill
Dimensions 16cm.
520 ## - SUMMARY, ETC.
Summary, etc. Pamphlet outlining the objectives of the institution and itinerary of the institution work visit to Ipswich.
651 #4 - SUBJECT ADDED ENTRY--GEOGRAPHIC NAME
Geographic name Great Britain
Chronological subdivision 1707-
690 ## - LOCAL SUBJECT ADDED ENTRY--TOPICAL TERM (OCLC, RLIN)
Topical term or geographic name as entry element Auctioneering
9 (RLIN) 6218
942 ## - ADDED ENTRY ELEMENTS (KOHA)
Suppress in OPAC 0
Holdings
Withdrawn status Lost status Source of classification or shelving scheme Damaged status Not for loan Home library Current library Shelving location Date acquired Total Checkouts Full call number Barcode Date last seen Copy number Price effective from Koha item type
    Dewey Decimal Classification     Historic collection Historic collection RICS Boxes 21/10/1999   RICS 1905/2 30059294 06/08/2019 1 06/08/2019 Archive
    Dewey Decimal Classification     Historic collection Historic collection RICS Boxes 21/10/1999   RICS 1905/2 30059287 06/08/2019 2 06/08/2019 Archive